Cenotvorba súdne overených prekladov na Slovensku v pomienkach dlhovej krízy

Zákon č. 382/2004 Z. z. o znalcoch, tlmočníkoch a prekladateľoch upravujúci podmienky výkonu prekladateľskej činnosti. Význam a náležitosti úradného prekladu. Cenotvorba úradných prekladov a dumping na trhu s prekladmi. Kvalita poskytovaných prekladateľských služieb v čase hospodárskej krízy.

Uložené v:
Podrobná bibliografia
Hlavný autor: Matušovič, Martin
Ďalší autori: Haláková, Jarmila
Médium: Kapitola
Jazyk:Slovak
Predmet:
Tagy: Pridať tag
Žiadne tagy, Buďte prvý, kto otaguje tento záznam!

MARC

LEADER 00000nla$a2200000$$$4500
001 0147013
005 20240502072645.1
041 0 |a slo 
044 |a SK 
245 1 0 |a Cenotvorba súdne overených prekladov na Slovensku v pomienkach dlhovej krízy  |c Martin Matušovič, Jarmila Haláková 
520 |a Zákon č. 382/2004 Z. z. o znalcoch, tlmočníkoch a prekladateľoch upravujúci podmienky výkonu prekladateľskej činnosti. Význam a náležitosti úradného prekladu. Cenotvorba úradných prekladov a dumping na trhu s prekladmi. Kvalita poskytovaných prekladateľských služieb v čase hospodárskej krízy. 
610 2 0 |a prekladatelia 
610 2 0 |a znalci 
610 2 0 |a tlmočníci 
610 2 0 |a preklady odborné 
610 2 0 |a kvalita 
610 2 0 |a ceny 
610 2 0 |a súťaž hospodárska 
610 2 0 |a dumping 
610 2 0 |a predpisy právne 
100 1 |a Matušovič, Martin 
700 1 |a Haláková, Jarmila